01830nam a2200421 a 4500001001000000003000500010005001700015008004100032010001100073011001100084040000900095090001000104100004400114245019500158260004100353500006000394502010400454590004100558590004100599590003700640590004100677590004000718590004000758590004000798650003800838650003000876650003100906650002900937650003800966856001601004856007001020901000701090942001001097942000601107999001901113952013601132952014001268000111394CHAP20220329144209.0150407s2015 mx a fsm |||||||spa d a107856 a108828 cCHAP aTesis1 aChávez Segura, Pío Giovanni.92206410aEtnoagronomía del Tlacololeh[En línea]bepistemología, diálogo de saberes y kualtsin chicahualistle en la región centro- montaña de Guerrero /cpor Pio Giovanni Chávez Segura. aChapingo, Méx. :bEl autor,c2015. aPara ver el contenido del material haga clic en la liga aTesis (M.C. en Desarrollo Rural Regional) -- UACH. Dirección de Centros Regionales Universitarios aBATCH-UPDb10c20180201lUCH01h0908 aBATCH-UPDb10c20180201lUCH01h0909 aBATCHb00c20181121lUCH01h0759 aE11695DGDb10c20150414lUCH01h1349 aE5995AHEb05c20150407lUCH01h0949 aE5995AHEb05c20150407lUCH01h0950 aE5995AHEb05c20150414lUCH01h130914aAgroforesteríazGuerrero.9217814aBosquesxGuerrero.91420114aCultivos asociados.93037014aMaízzGuerrero.97109214aSistemas de producción.9106767 a1 n0001585 aFinding aiduhttp://10.13.5.2/tesis/sist111394.pdfzTeclea aquí aBK cTESIS n0 c107856d107856 00104054718TESISaBCbBCd2015-04-07fTESISl0oTesisp33724002480728r2019-12-31 00:00:00w2019-12-31yTESISzRecien adquirido 00102local4053708TESISaBCbBCcPA_TESISd2015-04-07fTESISl0oTesisp33724002480769r2019-12-31 00:00:00tc.2w2019-12-31yTESIS